Visual Basic 6 Programming Black Book (Record no. 300)

MARC details
000 -LEADER
fixed length control field 00304nam a2200121Ia 4500
008 - FIXED-LENGTH DATA ELEMENTS--GENERAL INFORMATION
fixed length control field 191201s2008 xx 000 0 und d
100 ## - MAIN ENTRY--PERSONAL NAME
Personal name HOLZNER,Steven
245 #0 - TITLE STATEMENT
Title Visual Basic 6 Programming Black Book
260 ## - PUBLICATION, DISTRIBUTION, ETC. (IMPRINT)
Place of publication, distribution, etc N. Delhi
Name of publisher, distributor, etc Dreamtech
Date of publication, distribution, etc 2008
300 ## - PHYSICAL DESCRIPTION
Extent 1095
650 ## - SUBJECT ADDED ENTRY--TOPICAL TERM
Topical term or geographic name as entry element B.Tech(CSE)
942 ## - ADDED ENTRY ELEMENTS (KOHA)
Source of classification or shelving scheme Dewey Decimal Classification
Koha item type Text Books
Holdings
Withdrawn status Lost status Source of classification or shelving scheme Damaged status Not for loan Collection code Home library Current library Date acquired Source of acquisition Bill Number Total Checkouts Full call number Acc. no. / Barcode Date last seen Bill Date Koha item type Public note
    Dewey Decimal Classification     B.Tech(CSE) PIET C-LIBRARY PIET C-LIBRARY 05/08/2017 Donated by Dr.Pooja Walia Donated by Dr.Pooja Walia   005.133 HOV 29618 04/12/2019 01/05/2017 Text Books Donated by Dr.Pooja Walia
    Dewey Decimal Classification     B.Tech(CSE) PIET C-LIBRARY PIET C-LIBRARY 05/08/2017 Donated by Dr.Pooja Walia Donated by Dr.Pooja Walia   005.133 HOV 29693 04/12/2019 27/06/2017 Text Books Donated by Dr.Pooja Walia

Design & Developed by: PIET Central Library
R70 Miles Stone Pattikalyana Samalkha Panipat 132102
mail ID :- [email protected], Phone No:- 0180-2569700 Ex.216